How to survive the 1980s

Uloženo v:
Podrobná bibliografie
Médium: Kniha
Jazyk:Undetermined
Vydáno: Tokyo 1980
Témata:
Tagy: Přidat tag
Žádné tagy, Buďte první, kdo otaguje tento záznam!
Thư viện lưu trữ: Trung tâm Học liệu Trường Đại học Cần Thơ
LEADER 00372nam a2200145Ia 4500
001 CTU_97336
008 210402s9999 xx 000 0 und d
082 |a 330 
082 |b H598 
245 0 |a How to survive the 1980s 
260 |a Tokyo 
260 |c 1980 
650 |a Economic development 
904 |i Tuyến 
980 |a Trung tâm Học liệu Trường Đại học Cần Thơ